banner koha

Agriview (Registro n. 4607)

MARC details
000 -LÍDER
campo de controle de tamanho fixo 00950aas a2200217 4500
003 - IDENTIFICADOR DO NÚMERO DE CONTROLE
campo de controle BR-BrBNA
005 - DATA E HORÁRIO DA ÚLTIMA TRANSAÇÃO
campo de controle 20230317234235.0
007 - CAMPO FIXO DE DESCRIÇÃO FÍSICA--INFORMAÇÃO GERAL
campo de controle de tamanho fixo ta
008 - CAMPO DE DADOS FIXOS--INFORMAÇÃO GERAL
campo de controle de tamanho fixo 230119b bl ||||| |||| 00| 0 por d
022 ## - ISBN - INTERNATIONAL STANDARD BOOK NUMBER
ISSN - International Standard Serial Number ISSN 0534-5391
040 ## - FONTE DA CATALOGAÇÃO
Instituição da catalogação original BR-BrBNA
Idioma da catalogação Eng
Instituição que transcreveu o registro BR-BrBNA
044 ## - CÓDIGO DO PAÍS DA EMPRESA DE PUBLICAÇÃO/PRODUÇÃO
Código MARC - País bl
245 ## - TÍTULO
Título Agriview
Indicação de responsabilidade, etc. Inter - American Institute for CooperationCaribbean Regional Centre
260 ## - PUBLICAÇÃO, DISTRIBUIÇÃO, ETC.
Local de publicação, distribuição, etc. Port of Spain , Trinidad and Tobagi , TT
Nome do editor, distribuidor, etc. Inter - American Institute for Cooperation
Data da publicação, distribuição, etc. 2001
Local da manufatura CR
270 ## - ENDEREÇO
Endereço IICA; Caribbean Regional Centre and TCA in Trinidad and Tobago, 3 Herbert Street, Newtown, PO Box 1318, Port of Spain, Trinidad, W.I. Telephones: (1868)628-4403 ; 628-4078 ; 628-4079. Fax: (1868)628-4562. email: iicatt@iicacarc.org
310 ## - FREQUÊNCIA ATUAL DA PUBLICAÇÃO
Frequência atual de publicação trimestral (de três em três meses)
505 ## - NOTA DE CONTEÚDO FORMATADO
Nota de conteúdo formatado 2001/2002 7/8 (3, 1);
650 12 - ASSUNTO--TERMO TÓPICO
Miscelânea AGRICULTURA; POLITICA DE DESENVOLVIMENTO; DESENVOLVIMENTO AGRICOLA; AGRIBUSINESS
909 ## -
-- 56
-- Sergio Santos
-- 56
-- Sergio Santos
942 ## - ELEMENTOS DE ENTRADA ADICIONADOS (KOHA)
Tipo de material Koha Periódicos
Fonte da classificação ou esquema de arquivamento na estante Classificação AGRIS
Exemplares
Situação do descarte Fonte da classificação ou esquema de arquivamento na estante Situação física Não pode ser emprestado Coleção Biblioteca de origem Biblioteca atual Enumeração do periódico / cronologia Total de empréstimos Código de barras Data de último acesso Tipo de material Koha Situação das perdas
  Classificação AGRIS   Consulta local Periódicos agrícolas Biblioteca Nacional de Agricultura - Binagri Biblioteca Nacional de Agricultura - Binagri 2001/2002 7/8 (3, 1)   2023-40331 01/03/2023 Periódicos  

BINAGRI

Telefone: (61)3218-2567/2388/3357/2097 - binagri@agro.gov.br

Ministério da Agricultura e Pecuária , Esplanada dos Ministérios, Bloco D, Anexo B, Brasília/DF, CEP: 70.043-900